000 00800cam a2200277 a 4500
001 15759523
005 20241018133014.0
008 090602s2010 nyua b 001 0 eng
020 _a9780073375946 (alk. paper)
020 _a0073375942 (alk. paper)
020 _a9780070166745 (pbk.)
020 _a0070166749 (pbk.)
050 0 0 _aHB171.5
_b.F733 2010
082 0 0 _a338.5
_222
100 1 _aFrank, Robert H.
245 1 0 _aMicroeconomics and behavior /
_cRobert H. Frank.
250 _a8th ed.
260 _aNew York :
_bMcGraw-Hill Irwin,
_cc2010.
300 _axxviii, 607 p. :
_bill. (some col.) ;
_c29 cm.
500 _aIncludes Index
650 0 _aMicroeconomics.
650 0 _aEconomic man.
650 0 _aSelf-interest.
650 0 _aConsumer behavior.
942 _2lcc
_cBK
_e8th Ed.
_n0
999 _c53
_d53